000
00247 a2200109 4500
001
3042
082
_a
297.1978344 SHE
090
_c
2328
_d
2328
100
_a
Shehab R.
245
_a
Rights of woman in islamic Shariah
260
_b
Indus pub
942
_a
NUST-CAE
_k
297.1978344 SHE
999
_c
238115
_d
238115